000 00642nam a2200277Ia 4500
005 20260324143831.0
008 008 260324s9999 xx 000 0 eng d
020 _a9781315075037
037 _aEBOOK
040 _aCRL
040 _beng
040 _cCRL
041 _2eng
041 _aeng
084 _qCRL
100 _aBetty N Sedoc- Dahlberg
_91217102
245 0 _aDutch Caribbean:Prospects Demo
260 _bTaylor and Francis
260 _c1990
365 _a
365 _b220
856 _uhttp://www.taylorfrancis.com/books/9781315075037
942 _cEBOOK
999 _c1822963
_d1822963